000 01193nam a2200325 i 4500
003 OSt
005 20241231150126.0
008 241231t20232023my ao fr 001 0 may d
020 _a9786297590004
_cRM60.00
_qpaperback
040 _aPPAK
_beng
_cPPAK
_erda
082 0 4 _223
_a398.22
090 0 0 _a398.22
_bHAS
_dR
100 0 _aHashim Musa, Prof. Emeritus,
_cDr.,
_eauthor.
245 1 0 _aHANG TUAH :
_bCATATAN KECEMERLANGAN WIRA BANGSA /
_cHASHIM MUSA & ROHAIDAH KAMARUDDIN
264 1 _aSerdang, Selangor :
_bPenerbit Universiti Putra Malaysia,
_c2023
264 1 _c©2023
300 _axiii, 207 pages :
_bcolour illustrations, colour photographs ;
_c24 cm
336 _atext
_2rdacontent
337 _aunmediated
_2rdamedia
338 _avolume
_2rdacarrier
500 _aIncludes index
504 _aBibliography: pages 173-176
600 0 0 _aHang Tuah,
_dactive 1470
_vLegends
600 0 0 _aHang Tuah
_xLegends
_xHistory and criticism
650 1 0 _aFolk literature, Malay
_xHistory and criticism
650 2 0 _aGovernment publications
_zMalaysia
651 0 _aMelaka
_xHistory
700 0 _aRohaidah Kamaruddin,
_cDr.,
_eauthor.
942 _2ddc
_cB
999 _c198233
_d198233